[Event "10th Eksjo it group A"]
[Site "Eksjo SWE"]
[Date "1982.??.??"]
[Round "1"]
[White "Cebalo, Miso"]
[Black "Suba, Mihai"]
[Result "1/2-1/2"]
[WhiteElo "2470"]
[BlackElo "2525"]
[EventDate "1982.08.18"]
[PlyCount "61"]

1. d4 Nf6 2. c4 e6 3. Nc3 Bb4 4. e3 O-O 5. Bd3 c5 6. Nge2 d5 7. cxd5 cxd4 8. exd4 Nxd5 9. O-O Nc6 10. Qc2 g6 11. Rd1 Re8 12. a3 Bf8 13. Nxd5 exd5 14. Be3 Bg4 15. h3 Be6 16. Rac1 Rc8 17. Qa4 a6 18. Nf4 Qd7 19. Bf1 Bg7 20. Rc3 Ne7 21. Qxd7 Bxd7 22. Rdc1 Rxc3 23. Rxc3 Rc8 24. Rxc8+ Bxc8 25. g4 Be6 26. Bg2 Kf8 27. Kf1 Nc6 28. Nxd5 Nxd4 29. b4 Bd7 30. Nc7 Bc8 31. Nd5 1/2-1/2

[Event "10th Eksjo it group A"]
[Site "Eksjo SWE"]
[Date "1982.??.??"]
[Round "1"]
[White "Nun, Jiri"]
[Black "Schussler, Harry"]
[Result "0-1"]
[WhiteElo "2350"]
[BlackElo "2495"]
[EventDate "1982.08.18"]
[PlyCount "30"]

1. e4 c5 2. c3 d5 3. exd5 Qxd5 4. d4 e6 5. Nf3 Nf6 6. Bd3 Be7 7. O-O O-O 8. Qe2 Nc6 9. dxc5 Rd8 10. Rd1 Qxc5 11. Nbd2 e5 12. Ne4 Nxe4 13. Qxe4 g6 14. Bg5 Bf5 15. Qh4 Rxd3 0-1

[Event "10th Eksjo it group A"]
[Site "Eksjo SWE"]
[Date "1982.??.??"]
[Round "1"]
[White "Ornstein, Axel"]
[Black "Kirov, Nino"]
[Result "1/2-1/2"]
[WhiteElo "2450"]
[BlackElo "2440"]
[EventDate "1982.08.18"]
[PlyCount "55"]

1. d4 Nf6 2. c4 g6 3. Nc3 d5 4. Nf3 Bg7 5. cxd5 Nxd5 6. e4 Nxc3 7. bxc3 c5 8. Rb1 O-O 9. Be2 Bg4 10. O-O Bxf3 11. Bxf3 cxd4 12. cxd4 Qxd4 13. Rxb7 Nc6 14. Qxd4 Bxd4 15. Ba3 Rac8 16. Bd1 Rb8 17. Rc7 Rfc8 18. Rxc8+ Rxc8 19. Ba4 Ne5 20. Bxe7 Nd3 21. Bh4 Bb6 22. Bg3 Nc1 23. e5 Rc5 24. Re1 Nd3 25. Rb1 Nxe5 26. Bxe5 Rxe5 27. Kf1 Rf5 28. Rb2 1/2-1/2

[Event "10th Eksjo it group A"]
[Site "Eksjo SWE"]
[Date "1982.??.??"]
[Round "2"]
[White "Cramling, Dan"]
[Black "Ornstein, Axel"]
[Result "0-1"]
[WhiteElo "2375"]
[BlackElo "2450"]
[EventDate "1982.08.18"]
[PlyCount "60"]

1. c4 c5 2. g3 g6 3. Bg2 Bg7 4. Nc3 Nc6 5. a3 Nf6 6. Rb1 a5 7. d3 O-O 8. Bg5 Rb8 9. Nf3 d6 10. Qd2 Nd4 11. Nxd4 cxd4 12. Nb5 Qb6 13. b4 a4 14. Qf4 e5 15. Qh4 d5 16. c5 Qxb5 17. Bxf6 Be6 18. Qg5 Bxf6 19. Qxf6 Rbe8 20. O-O Bg4 21. Bxd5 Bxe2 22. Bc4 Qd7 23. Rfe1 Qg4 24. f4 exf4 25. Qxf4 Qxf4 26. gxf4 Re3 27. Bb5 Rd8 28. Bxa4 Ra8 29. Bd1 Bxd3 30. Rxe3 dxe3 0-1

[Event "10th Eksjo it group A"]
[Site "Eksjo SWE"]
[Date "1982.??.??"]
[Round "2"]
[White "Nun, Jiri"]
[Black "Cebalo, Miso"]
[Result "1/2-1/2"]
[WhiteElo "2350"]
[BlackElo "2470"]
[EventDate "1982.08.18"]
[PlyCount "95"]

1. e4 c5 2. c3 d6 3. Nf3 Nf6 4. h3 e6 5. Bd3 Nc6 6. O-O Bd7 7. Bc2 Rc8 8. a3 c4 9. d4 cxd3 10. Qxd3 Qc7 11. Bg5 h6 12. Bxf6 gxf6 13. Nbd2 Rg8 14. Nc4 Ne5 15. Nfxe5 fxe5 16. Ne3 Be7 17. Kh1 Qc5 18. a4 a5 19. Bb3 Bc6 20. Bc4 Bg5 21. Bb5 Ke7 22. Bxc6 Rxc6 23. Rae1 Rc7 24. g3 Bxe3 25. Rxe3 b5 26. axb5 Rb8 27. Qd2 Qxb5 28. Rd1 Rd7 29. Rf3 Kd8 30. c4 Qxb2 31. Qxa5+ Ke8 32. Qe1 Rb3 33. Rxb3 Qxb3 34. Qe2 Ra7 35. Kg2 Ra2 36. Qf3 Qxf3+ 37. Kxf3 Ke7 38. Rc1 Ra5 39. Kg4 Kf6 40. Rc3 Kg6 41. Kf3 h5 42. Rb3 Ra6 43. Ke3 f5 44. f3 Kf6 45. h4 Ra2 46. Rb6 Ra3+ 47. Kf2 Ra2+ 48. Ke3 1/2-1/2

[Event "10th Eksjo it group A"]
[Site "Eksjo SWE"]
[Date "1982.??.??"]
[Round "2"]
[White "Suba, Mihai"]
[Black "Wedberg, Tom"]
[Result "1/2-1/2"]
[WhiteElo "2525"]
[BlackElo "2460"]
[EventDate "1982.08.18"]
[PlyCount "122"]

1. d4 Nf6 2. c4 e6 3. Nc3 Bb4 4. e3 c5 5. Bd3 Nc6 6. Nge2 d5 7. O-O O-O 8. cxd5 exd5 9. a3 Bxc3 10. bxc3 b6 11. Ng3 Re8 12. f3 Be6 13. Ra2 Rc8 14. Raf2 Nd7 15. Ba6 Rc7 16. Bb5 Ndb8 17. a4 a6 18. Bd3 cxd4 19. exd4 Na5 20. f4 f6 21. Qc2 h6 22. f5 Bf7 23. Bf4 Ra7 24. Qc1 Kh7 25. Rf3 Nbc6 26. Nh1 Ne7 27. Rh3 Ng8 28. Nf2 Nc4 29. g4 Kh8 30. g5 fxg5 31. Bxg5 Qd6 32. Ng4 h5 33. Bf4 Qa3 34. Ne5 Nf6 35. Qc2 Qb2 36. Nxf7+ Rxf7 37. Qxb2 Nxb2 38. Bxa6 Nxa4 39. Be5 Ra8 40. Bb5 Ra5 41. Bc6 Nb2 42. Bxf6 Rxf6 43. Be8 Nc4 44. Rxh5+ Kg8 45. Re1 Nd6 46. Bd7 g6 47. Rg5 Nxf5 48. Bxf5 Rxf5 49. Rxg6+ Kf7 50. Rxb6 Ra2 51. h4 Rc2 52. Rc6 Rf6 53. Rc7+ Kg6 54. Re5 Rf3 55. h5+ Kf6 56. Rc6+ Kf7 57. Rxd5 Rg3+ 58. Kf1 Rf3+ 59. Ke1 Rff2 60. Rc7+ Kf6 61. Rc6+ Kf7 1/2-1/2

[Event "10th Eksjo it group A"]
[Site "Eksjo SWE"]
[Date "1982.??.??"]
[Round "3"]
[White "Kirov, Nino"]
[Black "Cramling, Dan"]
[Result "1/2-1/2"]
[WhiteElo "2440"]
[BlackElo "2375"]
[EventDate "1982.08.18"]
[PlyCount "90"]

1. g3 e5 2. c4 d6 3. Bg2 g6 4. d4 Nd7 5. Nf3 Bg7 6. Nc3 Ngf6 7. O-O O-O 8. e4 c6 9. h3 Ne8 10. Bg5 f6 11. Be3 f5 12. dxe5 dxe5 13. Re1 Qf6 14. c5 Nc7 15. Qb3+ Qe6 16. exf5 gxf5 17. Qc2 Qg6 18. b4 Ne6 19. Rad1 e4 20. Nd4 Ne5 21. Nce2 Nd3 22. Rxd3 exd3 23. Qxd3 Rd8 24. Qc4 Qf7 25. Nb3 Nc7 26. Qh4 Be6 27. Na5 Nb5 28. a4 Nc3 29. Nxc3 Bxc3 30. Rc1 Bg7 31. Nc4 Bxc4 32. Rxc4 Qf6 33. Bg5 Qa1+ 34. Kh2 Rd4 35. Rxd4 Qxd4 36. Bf4 Re8 37. Qh5 Rf8 38. Bd6 Rf7 39. Qe2 Qxb4 40. Qe8+ Bf8 41. Bf3 f4 42. Bxf8 fxg3+ 43. Kg2 Rxf8 44. Qe6+ Kg7 45. Qe7+ Rf7 1/2-1/2

[Event "10th Eksjo it group A"]
[Site "Eksjo SWE"]
[Date "1982.??.??"]
[Round "3"]
[White "Ornstein, Axel"]
[Black "Lengyel, Levente"]
[Result "1/2-1/2"]
[WhiteElo "2450"]
[BlackElo "2420"]
[EventDate "1982.08.18"]
[PlyCount "85"]

1. c4 e6 2. Nc3 d5 3. d4 Be7 4. Nf3 Nf6 5. Bg5 h6 6. Bh4 O-O 7. Qc2 Nbd7 8. e3 c5 9. Rd1 Qa5 10. Be2 dxc4 11. Bxc4 Nb6 12. Be2 cxd4 13. Nxd4 Nbd5 14. Nb3 Qc7 15. Bg3 Qc6 16. Nd4 Qb6 17. O-O Bd7 18. Nxd5 Nxd5 19. Bf3 Rac8 20. Qb1 Bf6 21. Rd2 Rfd8 22. Bxd5 exd5 23. h3 Bxd4 24. Rxd4 Be6 25. Rfd1 f6 26. f3 Rc4 27. Be1 Rxd4 28. Rxd4 Rc8 29. Kf2 Qc7 30. Bc3 Bxh3 31. Rxd5 Be6 32. Rd4 Qb6 33. Qe4 Qc6 34. Qg6 Bf7 35. Qg3 Kh7 36. a3 Qc7 37. Qg4 h5 38. Qd7 Be8 39. Qd5 Bf7 40. Qd7 Be8 41. Qd5 Bf7 42. Qb5 Be8 43. Qd3+ 1/2-1/2

[Event "10th Eksjo it group A"]
[Site "Eksjo SWE"]
[Date "1982.??.??"]
[Round "3"]
[White "Schneider, Lars-Ake"]
[Black "Suba, Mihai"]
[Result "1-0"]
[WhiteElo "2455"]
[BlackElo "2525"]
[EventDate "1982.08.18"]
[PlyCount "80"]

1. e4 c5 2. Nf3 d6 3. d4 Nf6 4. Nc3 cxd4 5. Nxd4 e6 6. f4 a6 7. Qf3 Qb6 8. Nb3 Qc7 9. Be3 b5 10. Bd3 Nbd7 11. g4 h6 12. h4 b4 13. Ne2 d5 14. e5 Ne4 15. g5 hxg5 16. hxg5 Rxh1+ 17. Qxh1 g6 18. Bxe4 dxe4 19. Qxe4 Bb7 20. Qd3 O-O-O 21. Ned4 Be7 22. c3 Rh8 23. Rc1 Kb8 24. cxb4 Bxb4+ 25. Kf2 Nxe5 26. fxe5 Qxe5 27. Ke2 Qh2+ 28. Bf2 Qh5+ 29. Nf3 Be7 30. Qe3 Qxf3+ 31. Qxf3 Bxf3+ 32. Kxf3 Bxg5 33. Bg3+ Ka8 34. Rc7 f6 35. Nd4 Rh3 36. Nc6 Rxg3+ 37. Kxg3 Be3 38. Kf3 Bb6 39. Rf7 f5 40. Re7 g5 1-0

[Event "10th Eksjo it group A"]
[Site "Eksjo SWE"]
[Date "1982.??.??"]
[Round "4"]
[White "Cebalo, Miso"]
[Black "Wedberg, Tom"]
[Result "1-0"]
[WhiteElo "2470"]
[BlackElo "2460"]
[EventDate "1982.08.18"]
[PlyCount "73"]

1. d4 Nf6 2. c4 e6 3. Nc3 Bb4 4. e3 c5 5. Nge2 cxd4 6. exd4 O-O 7. a3 Be7 8. d5 exd5 9. cxd5 Re8 10. d6 Bf8 11. g3 Re6 12. Bg2 Rxd6 13. Qc2 Rc6 14. O-O d5 15. Bg5 h6 16. Bxf6 Qxf6 17. Rad1 Be6 18. Nd4 Rc5 19. b4 Rc4 20. Qd2 Nc6 21. Nxe6 Qxc3 22. Qxd5 Be7 23. Rd3 Qc2 24. Rd2 Qc3 25. Rd3 Qc2 26. Be4 fxe6 27. Qxe6+ Kh8 28. b5 Qa4 29. Bxc6 bxc6 30. Qxe7 Qxb5 31. Rd8+ Rxd8 32. Qxd8+ Kh7 33. Qd3+ Kg8 34. Re1 Rc5 35. Re8+ Kf7 36. Qd7+ Kg6 37. Qe6+ 1-0

[Event "10th Eksjo it group A"]
[Site "Eksjo SWE"]
[Date "1982.??.??"]
[Round "4"]
[White "Karlsson, Lars"]
[Black "Ornstein, Axel"]
[Result "1/2-1/2"]
[WhiteElo "2505"]
[BlackElo "2450"]
[EventDate "1982.08.18"]
[PlyCount "35"]

1. Nf3 Nf6 2. g3 b6 3. Bg2 Bb7 4. O-O e6 5. d3 d5 6. Nbd2 Nbd7 7. b3 Be7 8. Bb2 O-O 9. Re1 c5 10. e4 d4 11. a4 e5 12. Nc4 Qc7 13. c3 a6 14. cxd4 cxd4 15. Rc1 Qb8 16. Ba3 Bxa3 17. Nxa3 a5 18. Bh3 1/2-1/2

[Event "10th Eksjo it group A"]
[Site "Eksjo SWE"]
[Date "1982.??.??"]
[Round "4"]
[White "Lengyel, Levente"]
[Black "Kirov, Nino"]
[Result "1/2-1/2"]
[WhiteElo "2420"]
[BlackElo "2440"]
[EventDate "1982.08.18"]
[PlyCount "37"]

1. c4 c5 2. Nc3 Nc6 3. g3 g6 4. Bg2 Bg7 5. e3 e6 6. Nge2 Nge7 7. O-O O-O 8. d4 cxd4 9. Nxd4 Nxd4 10. exd4 d5 11. cxd5 Nxd5 12. Nxd5 exd5 13. Qb3 Qb6 14. Be3 Be6 15. Rfc1 Bxd4 16. Bxd4 Qxd4 17. Rd1 Qb6 18. Bxd5 Bxd5 19. Rxd5 1/2-1/2

[Event "10th Eksjo it group A"]
[Site "Eksjo SWE"]
[Date "1982.??.??"]
[Round "4"]
[White "Nun, Jiri"]
[Black "Schneider, Lars-Ake"]
[Result "0-1"]
[WhiteElo "2350"]
[BlackElo "2455"]
[EventDate "1982.08.18"]
[PlyCount "208"]

1. e4 c5 2. c3 d5 3. exd5 Qxd5 4. d4 e6 5. Nf3 Nf6 6. Na3 Nc6 7. Be2 cxd4 8. Nb5 Qd8 9. O-O Be7 10. Nfxd4 Nxd4 11. Qxd4 Qxd4 12. Nxd4 O-O 13. Bf3 e5 14. Re1 Bd6 15. Nb5 Bb8 16. Bg5 a6 17. Na3 Bc7 18. b4 Re8 19. Rad1 Rb8 20. Nc4 Be6 21. Nxe5 Bxa2 22. Bxf6 gxf6 23. Nd7 Rxe1+ 24. Rxe1 Rd8 25. Nxf6+ Kh8 26. g3 b5 27. Bb7 a5 28. Ra1 Rd2 29. Bc6 axb4 30. cxb4 Be5 31. Ne4 Rc2 32. Rxa2 Rxa2 33. Bxb5 Rb2 34. Bd3 Rxb4 35. Ng5 Kg7 36. Nf3 Bf6 37. Kg2 Rb2 38. g4 Bd8 39. Ne1 Bb6 40. Nc2 Rb3 41. Be4 h6 42. Ne1 Kf6 43. Nd3 Kg5 44. h3 Ra3 45. Bf5 Bc7 46. Ne1 Ra2 47. Nd3 h5 48. Nb4 Rd2 49. Nd3 Ra2 50. Nb4 Rd2 51. Nd3 Bb6 52. Kg3 h4+ 53. Kf3 f6 54. Kg2 Kh6 55. Kf1 Kg7 56. Be4 Kf8 57. Ke1 Ra2 58. Bd5 Ra5 59. Be4 Ra1+ 60. Ke2 Ra2+ 61. Kf3 Ke7 62. Kg2 Kd6 63. Kf3 Bd4 64. Bb7 Rd2 65. Be4 Kc7 66. Bg6 Kb6 67. Be4 Kb5 68. g5 fxg5 69. Kg4 Bf6 70. f4 gxf4 71. Kxf4 Rd1 72. Ne5 Bxe5+ 73. Kxe5 Kc5 74. Bb7 Rf1 75. Bc8 Rf2 76. Bg4 Kc4 77. Ke4 Kc3 78. Ke3 Rf8 79. Bd7 Rf7 80. Bc8 Kc2 81. Ke2 Rc7 82. Bf5+ Kc1 83. Bg4 Rc3 84. Bd7 Rg3 85. Bf5 Kb2 86. Kd2 Kb3 87. Be6+ Kb4 88. Ke2 Kc5 89. Bc8 Kd4 90. Bd7 Ke4 91. Bg4 Rg2+ 92. Kf1 Rb2 93. Ke1 Kf4 94. Kf1 Kg3 95. Ke1 Kg2 96. Be6 Rb5 97. Bg4 Re5+ 98. Kd2 Kf2 99. Kd3 Rg5 100. Bc8 Rg8 101. Bf5 Kf3 102. Kd2 Kf4 103. Be6 Rd8+ 104. Kc2 Rd6 0-1

[Event "10th Eksjo it group A"]
[Site "Eksjo SWE"]
[Date "1982.??.??"]
[Round "4"]
[White "Schussler, Harry"]
[Black "Cramling, Dan"]
[Result "1/2-1/2"]
[WhiteElo "2495"]
[BlackElo "2375"]
[EventDate "1982.08.18"]
[PlyCount "75"]

1. d4 Nf6 2. Nf3 g6 3. Bg5 Bg7 4. Nbd2 O-O 5. e4 d6 6. c3 c6 7. h3 h6 8. Be3 Nbd7 9. Be2 e5 10. dxe5 dxe5 11. O-O Qe7 12. Qc2 Nh5 13. Rfd1 f5 14. Nc4 Nc5 15. Nd6 Nxe4 16. Nxe4 fxe4 17. Nd2 Nf4 18. Nxe4 Bf5 19. Bf1 Nd5 20. Bc4 Rad8 21. f3 Kh8 22. Bf2 b6 23. Kh2 Rd7 24. Qe2 Nf4 25. Qe1 Rfd8 26. Bg3 Nh5 27. Bh4 g5 28. Bf2 Nf4 29. Kg1 Nd3 30. Bxd3 Rxd3 31. Ng3 Bg6 32. Rxd3 Rxd3 33. Qe2 Qd7 34. Be3 Qd5 35. a3 Bf8 36. Kh1 Bd6 37. Re1 Kh7 38. Bc1 1/2-1/2

[Event "10th Eksjo it group A"]
[Site "Eksjo SWE"]
[Date "1982.??.??"]
[Round "5"]
[White "Kirov, Nino"]
[Black "Karlsson, Lars"]
[Result "1/2-1/2"]
[WhiteElo "2440"]
[BlackElo "2505"]
[EventDate "1982.08.18"]
[PlyCount "55"]

1. Nf3 c5 2. g3 Nc6 3. d4 cxd4 4. Nxd4 g6 5. Bg2 Bg7 6. Nxc6 bxc6 7. O-O Rb8 8. Nd2 Nf6 9. Nb3 Qc7 10. Bd2 d6 11. Ba5 Qd7 12. Nc5 Qf5 13. Bxc6+ Nd7 14. Nxd7 Bxd7 15. Bxd7+ Kxd7 16. Bc3 Bxc3 17. bxc3 Rhc8 18. Qd4 Qa5 19. Qf4 f5 20. c4 Qc3 21. Rab1 Rxb1 22. Rxb1 Rxc4 23. Qh6 Qxc2 24. Rb7+ Ke6 25. Qxh7 Qd1+ 26. Kg2 Qd5+ 27. f3 Qxb7 28. Qg8+ 1/2-1/2

[Event "10th Eksjo it group A"]
[Site "Eksjo SWE"]
[Date "1982.??.??"]
[Round "5"]
[White "Ornstein, Axel"]
[Black "Suba, Mihai"]
[Result "1/2-1/2"]
[WhiteElo "2450"]
[BlackElo "2525"]
[EventDate "1982.08.18"]
[PlyCount "131"]

1. c4 Nf6 2. g3 e5 3. Bg2 d5 4. cxd5 Nxd5 5. Nc3 Nb6 6. Nf3 Nc6 7. O-O Be7 8. a4 a5 9. d4 exd4 10. Nb5 O-O 11. Nfxd4 Nxd4 12. Nxd4 c6 13. Qd3 Bf6 14. Rd1 Qe7 15. Nf5 Bxf5 16. Qxf5 Rfd8 17. Be3 Nc4 18. Bc5 Qe5 19. Qxe5 Bxe5 20. Be7 Bxb2 21. Bxd8 Bxa1 22. Bc7 Be5 23. Bxe5 Nxe5 24. Rb1 Ra7 25. f4 Ng6 26. Rd1 Nf8 27. Rd8 g6 28. g4 Ra6 29. e3 b5 30. axb5 cxb5 31. Rb8 a4 32. Rxb5 a3 33. Rb1 Nd7 34. Bd5 Rd6 35. e4 Nf6 36. Rb8+ Kg7 37. Ra8 Nxg4 38. Kg2 Nf6 39. Rxa3 Nxd5 40. exd5 Rxd5 41. Kg3 Rd7 42. Kf3 Kh6 43. Kg3 Kh5 44. h3 Rb7 45. Rc3 h6 46. Ra3 Rb5 47. Rc3 f5 48. Ra3 g5 49. fxg5 hxg5 50. Ra8 f4+ 51. Kf3 Rb3+ 52. Kg2 Rb2+ 53. Kf3 Rb3+ 54. Kg2 Rg3+ 55. Kh2 Rd3 56. Kg2 Kg6 57. Rb8 Rd2+ 58. Kf3 Rh2 59. Rh8 Kf5 60. Rf8+ Ke5 61. Rh8 Kf6 62. Kg4 Rg2+ 63. Kf3 Rg3+ 64. Kf2 Kg6 65. Ke2 Ra3 66. Kf2 1/2-1/2

[Event "10th Eksjo it group A"]
[Site "Eksjo SWE"]
[Date "1982.??.??"]
[Round "5"]
[White "Schneider, Lars-Ake"]
[Black "Cebalo, Miso"]
[Result "1-0"]
[WhiteElo "2455"]
[BlackElo "2470"]
[EventDate "1982.08.18"]
[PlyCount "97"]

1. e4 c5 2. Nf3 d6 3. d4 cxd4 4. Nxd4 Nf6 5. Nc3 e6 6. f4 Be7 7. Bb5+ Nfd7 8. f5 e5 9. Ne6 fxe6 10. Qh5+ Kf8 11. fxe6 Qe8 12. O-O+ Bf6 13. exd7 Nxd7 14. Rxf6+ gxf6 15. Qh6+ Ke7 16. Nd5+ Kd8 17. Bxd7 Qg6 18. Bb5 Rg8 19. g3 Be6 20. Nxf6 Qxh6 21. Bxh6 Rg6 22. Be3 Rxf6 23. Bg5 Ke7 24. Rf1 Raf8 25. b3 h6 26. Bh4 b6 27. Bc6 Bc8 28. Bd5 a5 29. a3 Bd7 30. Kg2 Bc8 31. Rf2 Ba6 32. c4 Bc8 33. Kf1 Bg4 34. Ke1 Bh3 35. Kd2 Bg4 36. Kc3 Bh3 37. b4 Bd7 38. bxa5 bxa5 39. c5 dxc5 40. Kc4 Ba4 41. Rxf6 Rxf6 42. Kxc5 Bd1 43. Kb5 a4 44. Kb4 Bc2 45. Bc4 Bxe4 46. Kxa4 Bf5 47. Kb4 e4 48. Kc3 e3 49. a4 1-0

[Event "10th Eksjo it group A"]
[Site "Eksjo SWE"]
[Date "1982.??.??"]
[Round "5"]
[White "Wedberg, Tom"]
[Black "Schussler, Harry"]
[Result "1/2-1/2"]
[WhiteElo "2460"]
[BlackElo "2495"]
[EventDate "1982.08.18"]
[PlyCount "51"]

1. e4 e5 2. Nf3 Nf6 3. Nxe5 d6 4. Nf3 Nxe4 5. d4 d5 6. Bd3 Be7 7. O-O Nc6 8. Re1 Bf5 9. c4 Nb4 10. Bf1 O-O 11. a3 Nc6 12. Bd3 Bf6 13. Nc3 Nxc3 14. bxc3 Bxd3 15. Qxd3 dxc4 16. Qxc4 Na5 17. Qa4 c5 18. Bf4 cxd4 19. cxd4 Rc8 20. Rac1 Rxc1 21. Rxc1 Nc6 22. Rb1 Nxd4 23. Nxd4 Qxd4 24. Qxd4 Bxd4 25. Rxb7 Rc8 26. Be3 1/2-1/2

[Event "10th Eksjo it group A"]
[Site "Eksjo SWE"]
[Date "1982.??.??"]
[Round "6"]
[White "Karlsson, Lars"]
[Black "Cramling, Dan"]
[Result "1-0"]
[WhiteElo "2505"]
[BlackElo "2375"]
[EventDate "1982.08.18"]
[PlyCount "78"]

1. Nf3 g6 2. d4 Bg7 3. e4 d6 4. Nc3 Nf6 5. Be2 O-O 6. O-O Bg4 7. Be3 Nc6 8. d5 Bxf3 9. Bxf3 Ne5 10. Be2 c6 11. f4 Ned7 12. Bf3 cxd5 13. exd5 Qa5 14. a3 Rfc8 15. Qd3 Nb6 16. Bf2 Nc4 17. b4 Qa6 18. Ne2 Nb6 19. Qxa6 bxa6 20. Rac1 Rc4 21. Rfd1 Rac8 22. c3 Ne4 23. Bxe4 Rxe4 24. Kf1 Rc7 25. g3 Nc4 26. Nd4 Nxa3 27. Nc6 Rc4 28. Be1 Nb5 29. Na5 Re4 30. c4 Nd4 31. c5 dxc5 32. bxc5 Nb5 33. Nc6 Bf6 34. Nb4 a5 35. Na6 Rc8 36. Rb1 Nc3 37. Bxc3 Bxc3 38. c6 Bb4 39. c7 Kf8 1-0

[Event "10th Eksjo it group A"]
[Site "Eksjo SWE"]
[Date "1982.??.??"]
[Round "6"]
[White "Suba, Mihai"]
[Black "Kirov, Nino"]
[Result "1-0"]
[WhiteElo "2525"]
[BlackElo "2440"]
[EventDate "1982.08.18"]
[PlyCount "59"]

1. c4 e6 2. Nc3 d5 3. d4 c6 4. Nf3 Nf6 5. Bg5 h6 6. Bxf6 Qxf6 7. Qb3 Qd8 8. e4 dxe4 9. Nxe4 Qa5+ 10. Nc3 Nd7 11. Bd3 Bd6 12. O-O O-O 13. Rfe1 e5 14. c5 exd4 15. cxd6 Nc5 16. Qc2 Nxd3 17. Qxd3 dxc3 18. bxc3 Be6 19. Re5 Qa3 20. Rh5 Rfd8 21. Rd1 Bg4 22. Ng5 Rxd6 23. Qh7+ Kf8 24. Re1 Be6 25. Ne4 f6 26. Nxd6 Qxd6 27. Qh8+ Bg8 28. Rh3 Rd8 29. Rg3 Qe7 30. Rge3 1-0

[Event "10th Eksjo it group A"]
[Site "Eksjo SWE"]
[Date "1982.??.??"]
[Round "7"]
[White "Cramling, Dan"]
[Black "Suba, Mihai"]
[Result "1/2-1/2"]
[WhiteElo "2375"]
[BlackElo "2525"]
[EventDate "1982.08.18"]
[PlyCount "84"]

1. c4 Nf6 2. Nc3 e5 3. Nf3 Nc6 4. d3 Bb4 5. Bd2 O-O 6. g3 Re8 7. Bg2 h6 8. O-O Bf8 9. Ne1 Nd4 10. e3 Ne6 11. Nd5 Nh7 12. e4 a5 13. f4 d6 14. Kh1 c6 15. Nc3 Nf6 16. Nf3 Nc7 17. Qc2 b5 18. c5 dxc5 19. Nxe5 Rxe5 20. fxe5 Ng4 21. Rad1 Ne6 22. Ne2 b4 23. Bc1 Ba6 24. b3 a4 25. Bh3 axb3 26. axb3 Nxe5 27. Bxe6 fxe6 28. Nf4 Qe8 29. Bb2 Bd6 30. Bxe5 Bxe5 31. Qxc5 Bc3 32. Qd6 Rd8 33. Qxe6+ Qxe6 34. Nxe6 Rd6 35. Rf8+ Kh7 36. Nc5 Bb5 37. Rf5 Rd8 38. Na4 Bxd3 39. Nxc3 bxc3 40. Kg1 c2 41. Re1 Bxe4 42. Rc5 Rd2 1/2-1/2

[Event "10th Eksjo it group A"]
[Site "Eksjo SWE"]
[Date "1982.??.??"]
[Round "7"]
[White "Gurevich, Dmitry"]
[Black "Wedberg, Tom"]
[Result "0-1"]
[WhiteElo "2510"]
[BlackElo "2460"]
[EventDate "1982.08.18"]
[PlyCount "73"]

1. d4 Nf6 2. c4 e6 3. Nc3 Bb4 4. e3 c5 5. Bd3 Nc6 6. Nge2 d5 7. cxd5 Nxd5 8. a3 Nxc3 9. bxc3 Ba5 10. O-O O-O 11. c4 Bc7 12. Bb2 e5 13. d5 Ne7 14. f3 f5 15. Ng3 Bd6 16. Qc2 Bd7 17. f4 Qc7 18. Qc3 Ng6 19. h4 Rae8 20. h5 Nh4 21. h6 Rf6 22. hxg7 Rg6 23. Nh5 Nxg2 24. Kf2 Qd8 25. Rh1 Be7 26. fxe5 Bh4+ 27. Ke2 Qg5 28. Raf1 Qxh5+ 29. Kd2 Nxe3 30. Kxe3 Qh6+ 31. Ke2 Rg2+ 32. Kd1 Ba4+ 33. Bc2 Rxc2 34. Qxc2 Qh5+ 35. Kc1 Bg5+ 36. Qd2 Bxd2+ 37. Kb1 0-1

[Event "10th Eksjo it group A"]
[Site "Eksjo SWE"]
[Date "1982.??.??"]
[Round "7"]
[White "Kirov, Nino"]
[Black "Nun, Jiri"]
[Result "1/2-1/2"]
[WhiteElo "2440"]
[BlackElo "2350"]
[EventDate "1982.08.18"]
[PlyCount "34"]

1. Nf3 Nf6 2. g3 d5 3. Bg2 e6 4. O-O Be7 5. d4 O-O 6. c4 b6 7. Ne5 Bb7 8. Nc3 Na6 9. cxd5 exd5 10. Bf4 c5 11. Rc1 Nc7 12. dxc5 bxc5 13. Nc4 Rb8 14. Bxc7 Qxc7 15. Nxd5 Bxd5 16. Bxd5 Rbd8 17. e4 Nxe4 1/2-1/2

[Event "10th Eksjo it group A"]
[Site "Eksjo SWE"]
[Date "1982.??.??"]
[Round "7"]
[White "Lengyel, Levente"]
[Black "Karlsson, Lars"]
[Result "0-1"]
[WhiteElo "2420"]
[BlackElo "2505"]
[EventDate "1982.08.18"]
[PlyCount "72"]

1. c4 c5 2. Nf3 g6 3. e4 Bg7 4. d4 cxd4 5. Nxd4 Nc6 6. Be3 Nf6 7. Nc3 O-O 8. Be2 d6 9. O-O Bd7 10. Qd2 a5 11. f3 a4 12. Nd5 Nxd5 13. cxd5 Nxd4 14. Bxd4 Qa5 15. Qe3 Bxd4 16. Qxd4 Rfc8 17. Rac1 Rc7 18. Rc3 Rxc3 19. bxc3 Rc8 20. c4 b5 21. Rb1 b4 22. Kf1 Rb8 23. Bd1 e5 24. dxe6 Bxe6 25. Be2 Qc7 26. h4 h5 27. Rd1 b3 28. axb3 axb3 29. Rb1 Qa5 30. Qxd6 Rd8 31. Qe7 Rd2 32. Rxb3 Qa1+ 33. Kf2 Qd4+ 34. Kg3 Rxe2 35. Rb8+ Kh7 36. Qd8 Qe5+ 0-1

[Event "10th Eksjo it group A"]
[Site "Eksjo SWE"]
[Date "1982.??.??"]
[Round "7"]
[White "Ornstein, Axel"]
[Black "Cebalo, Miso"]
[Result "1-0"]
[WhiteElo "2450"]
[BlackElo "2470"]
[EventDate "1982.08.18"]
[PlyCount "91"]

1. c4 e6 2. Nc3 Nf6 3. Nf3 Bb4 4. Qc2 c5 5. a3 Ba5 6. e3 Nc6 7. d4 d6 8. Be2 O-O 9. O-O Qe7 10. Rd1 Bxc3 11. Qxc3 e5 12. dxe5 dxe5 13. b4 Re8 14. b5 Nd4 15. Nxd4 exd4 16. Qd3 g6 17. Bf3 Bf5 18. Qd2 Rad8 19. Bb2 Be4 20. exd4 Bxf3 21. gxf3 Nh5 22. Re1 Qh4 23. Rxe8+ Rxe8 24. Re1 Rxe1+ 25. Qxe1 Nf4 26. Qe8+ Kg7 27. dxc5+ Kh6 28. Bc1 Qg5+ 29. Kf1 Qg2+ 30. Ke1 Qg1+ 31. Kd2 g5 32. Qe1 Qxh2 33. Kc3 Ne6 34. c6 bxc6 35. bxc6 Qc7 36. Qe4 Qa5+ 37. Kb2 Qb6+ 38. Ka2 a5 39. Qh4+ Kg7 40. Bxg5 a4 41. Bh6+ Kg6 42. Bc1 h5 43. Qe4+ Kf6 44. Bb2+ Ke7 45. Qd5 Qc5 46. Bf6+ 1-0

[Event "10th Eksjo it group A"]
[Site "Eksjo SWE"]
[Date "1982.??.??"]
[Round "7"]
[White "Schneider, Lars-Ake"]
[Black "Schussler, Harry"]
[Result "1-0"]
[WhiteElo "2455"]
[BlackElo "2495"]
[EventDate "1982.08.18"]
[PlyCount "69"]

1. e4 c5 2. Nf3 e6 3. d4 cxd4 4. Nxd4 Nf6 5. Nc3 Nc6 6. Ndb5 d6 7. Bf4 e5 8. Bg5 a6 9. Na3 b5 10. Nd5 Be7 11. Bxf6 Bxf6 12. c3 Ne7 13. Nxf6+ gxf6 14. Nc2 Bb7 15. Qd3 Qb6 16. g3 f5 17. Bg2 f4 18. O-O-O Rd8 19. Rd2 Ng6 20. h4 h5 21. Rhd1 Bc8 22. Nb4 Be6 23. Nd5 Qb8 24. Bf3 Bxd5 25. exd5 fxg3 26. fxg3 Ne7 27. Qe2 b4 28. cxb4 Qxb4 29. Bxh5 Rc8+ 30. Kb1 Qc4 31. Qf3 O-O 32. Qf6 Qe4+ 33. Ka1 Nf5 34. Re2 Qc4 35. Qxf5 1-0

[Event "10th Eksjo it group A"]
[Site "Eksjo SWE"]
[Date "1982.??.??"]
[Round "8"]
[White "Nun, Jiri"]
[Black "Cramling, Dan"]
[Result "1-0"]
[WhiteElo "2350"]
[BlackElo "2375"]
[EventDate "1982.08.18"]
[PlyCount "57"]

1. e4 c5 2. Nf3 g6 3. g3 Bg7 4. Bg2 Nc6 5. c3 e5 6. O-O Nge7 7. d3 O-O 8. Be3 b6 9. d4 exd4 10. cxd4 d5 11. exd5 Nxd5 12. Bg5 f6 13. Bc1 Ba6 14. Re1 Ndb4 15. Qb3+ c4 16. Qc3 Nd3 17. Rd1 f5 18. Rxd3 cxd3 19. Qxc6 Rc8 20. Qe6+ Kh8 21. Nc3 Bxd4 22. Nxd4 Re8 23. Be3 Rxe6 24. Nxe6 Qd6 25. Ng5 Qb4 26. a3 Qxb2 27. Bd4+ Kg8 28. Bd5+ Kf8 29. Re1 1-0

[Event "10th Eksjo it group A"]
[Site "Eksjo SWE"]
[Date "1982.??.??"]
[Round "8"]
[White "Schussler, Harry"]
[Black "Karlsson, Lars"]
[Result "1/2-1/2"]
[WhiteElo "2495"]
[BlackElo "2505"]
[EventDate "1982.08.18"]
[PlyCount "63"]

1. d4 Nf6 2. Nf3 e6 3. c4 c5 4. e3 b6 5. Nc3 d6 6. Be2 Be7 7. d5 O-O 8. e4 a6 9. O-O exd5 10. exd5 Re8 11. h3 Bf8 12. Bd3 Nbd7 13. a4 g6 14. Bg5 h6 15. Be3 Bg7 16. Qd2 Kh7 17. Rae1 Qc7 18. Nh4 Ng8 19. f4 Rxe3 20. Rxe3 Bd4 21. Kh2 Qd8 22. Nf3 Bxe3 23. Qxe3 Ndf6 24. f5 g5 25. g4 Kg7 26. Kg3 Ra7 27. h4 Re7 28. Qd2 gxh4+ 29. Nxh4 Qe8 30. Nf3 Re3 31. Kf4 Re7 32. Re1 1/2-1/2